<?xml version="1.0" encoding="UTF-8"?>
<record
    xmlns:xsi="http://www.w3.org/2001/XMLSchema-instance"
    xsi:schemaLocation="http://www.loc.gov/MARC21/slim http://www.loc.gov/standards/marcxml/schema/MARC21slim.xsd"
    xmlns="http://www.loc.gov/MARC21/slim">

  <leader>00742nam a22002297a 4500</leader>
  <controlfield tag="007">00</controlfield>
  <controlfield tag="008">160614b        xxu||||| |||| 00| 0 eng d</controlfield>
  <datafield tag="020" ind1=" " ind2=" ">
    <subfield code="a">978-2-10-059880-9</subfield>
  </datafield>
  <datafield tag="040" ind1=" " ind2=" ">
    <subfield code="a">BUAC</subfield>
    <subfield code="c">BUC</subfield>
  </datafield>
  <datafield tag="041" ind1=" " ind2=" ">
    <subfield code="a">Fre.</subfield>
  </datafield>
  <datafield tag="100" ind1=" " ind2=" ">
    <subfield code="a">Petit, Fran&#xE7;ois</subfield>
  </datafield>
  <datafield tag="245" ind1=" " ind2=" ">
    <subfield code="a">Introduction &#xE0; la psychosociologie des organisations</subfield>
    <subfield code="c">/ par Fran&#xE7;ois Petit, Michel Dubois</subfield>
  </datafield>
  <datafield tag="250" ind1=" " ind2=" ">
    <subfield code="a">3e &#xE9;d.</subfield>
    <subfield code="b">enti&#xE8;rement revue et corrig&#xE9;e</subfield>
  </datafield>
  <datafield tag="260" ind1=" " ind2=" ">
    <subfield code="a">Paris :</subfield>
    <subfield code="b">Dunod,</subfield>
    <subfield code="c">1998</subfield>
  </datafield>
  <datafield tag="300" ind1=" " ind2=" ">
    <subfield code="a">288 p.</subfield>
    <subfield code="c">24 cm.</subfield>
  </datafield>
  <datafield tag="440" ind1=" " ind2=" ">
    <subfield code="a">(Psycho Sup)</subfield>
  </datafield>
  <datafield tag="521" ind1=" " ind2=" ">
    <subfield code="a">Bibliogr.pp.(269 - 278) Index des auteurs pp. (279 -283) et Index des mati&#xE8;res pp.(285 - 288)  </subfield>
  </datafield>
  <datafield tag="630" ind1=" " ind2=" ">
    <subfield code="a">PHILOSOPHIE-PSYCHOLOGIE</subfield>
  </datafield>
  <datafield tag="650" ind1=" " ind2=" ">
    <subfield code="a">Pschologie Social</subfield>
  </datafield>
  <datafield tag="700" ind1=" " ind2=" ">
    <subfield code="a">Dubois, Michel</subfield>
  </datafield>
  <datafield tag="942" ind1=" " ind2=" ">
    <subfield code="c">LIVR</subfield>
  </datafield>
  <datafield tag="999" ind1=" " ind2=" ">
    <subfield code="c">54569</subfield>
    <subfield code="d">54569</subfield>
  </datafield>
  <datafield tag="952" ind1=" " ind2=" ">
    <subfield code="0">0</subfield>
    <subfield code="1">0</subfield>
    <subfield code="4">0</subfield>
    <subfield code="7">0</subfield>
    <subfield code="a">BUAC</subfield>
    <subfield code="b">BUAC</subfield>
    <subfield code="d">2015-06-11</subfield>
    <subfield code="e">Don ARES</subfield>
    <subfield code="f">16/507</subfield>
    <subfield code="l">0</subfield>
    <subfield code="o">159.9:331 PET</subfield>
    <subfield code="p">16-507BUC</subfield>
    <subfield code="r">2016-06-14 00:00:00</subfield>
    <subfield code="t">1</subfield>
    <subfield code="w">2016-06-14</subfield>
    <subfield code="y">LIVR</subfield>
  </datafield>
  <datafield tag="952" ind1=" " ind2=" ">
    <subfield code="0">0</subfield>
    <subfield code="1">0</subfield>
    <subfield code="4">0</subfield>
    <subfield code="7">0</subfield>
    <subfield code="a">BUAC</subfield>
    <subfield code="b">BUAC</subfield>
    <subfield code="d">2015-06-11</subfield>
    <subfield code="e">Don ARES</subfield>
    <subfield code="f">16/511</subfield>
    <subfield code="l">0</subfield>
    <subfield code="o">159.9:331 PET</subfield>
    <subfield code="p">16-511BUC</subfield>
    <subfield code="r">2016-06-14 00:00:00</subfield>
    <subfield code="t">1</subfield>
    <subfield code="w">2016-06-14</subfield>
    <subfield code="y">LIVR</subfield>
  </datafield>
  <datafield tag="952" ind1=" " ind2=" ">
    <subfield code="0">0</subfield>
    <subfield code="1">0</subfield>
    <subfield code="4">0</subfield>
    <subfield code="7">0</subfield>
    <subfield code="a">BUAC</subfield>
    <subfield code="b">BUAC</subfield>
    <subfield code="c">R&#xE9;serve</subfield>
    <subfield code="d">2019-01-07</subfield>
    <subfield code="e">DON ARES</subfield>
    <subfield code="f">18/763</subfield>
    <subfield code="l">0</subfield>
    <subfield code="o">316.6 PET</subfield>
    <subfield code="p">18-763 Buc</subfield>
    <subfield code="r">2019-01-07 00:00:00</subfield>
    <subfield code="t">2</subfield>
    <subfield code="w">2019-01-07</subfield>
    <subfield code="y">LIVR</subfield>
  </datafield>
</record>
